| 000 | 00795nam a2200217 i 4500 | ||
|---|---|---|---|
| 001 | 108306 | ||
| 003 | ES-MaACL | ||
| 005 | 20230906184623.0 | ||
| 007 | t| | ||
| 008 | 061121s1962 sp r ||||1| spa d | ||
| 100 | 1 |
_aMommsen, H. _982080 |
|
| 245 | 1 | 0 |
_aDiccionario médico Labor para la familia / _cpublicado bajo la dirección de H. Mommsen; con la colaboración de H. Bender, H.E. Bose, H. Dieterle; traducción española revisada por Santiago Vilahur Pedrals. |
| 260 |
_aBarcelona : _bLabor, _c1962. |
||
| 300 |
_a815 p., 41 lám : _bil. ; _c25 cm. |
||
| 650 | 0 | 4 |
_aMedicina- _vDiccionarios. _914897 |
| 700 | 1 |
_aBender, H. _927474 |
|
| 700 | 1 |
_aBose, H.E. _930680 |
|
| 700 | 1 |
_aDieterle, H. _944619 |
|
| 700 | 1 |
_aVilahur Pedrals, Jaime. _9114765 |
|
| 852 |
_aES-MaACL _jC-21540 _bR.50039 |
||
| 999 |
_c108306 _d108306 |
||